Pandémia ukázala na výhody práce v obchode

Pohyb pracovných síl pred a počas pandémie v obchode s potravinami. Duálne vzdelávanie ako jedno z riešení pri hľadaní kvalifikovaného personálu.

Guardado en:
Detalles Bibliográficos
Autor principal: Kapitánová, Tatiana
Formato: Capítulo de libro
Lenguaje:eslovaco
Materias:
Etiquetas: Agregar Etiqueta
Sin Etiquetas, Sea el primero en etiquetar este registro!

MARC

LEADER 00000naa a2200000 4500
001 0278288
005 20210906130013.0
041 0 |a slo 
044 |a CZ 
245 1 0 |a Pandémia ukázala na výhody práce v obchode  |c Tatiana Kapitánová 
520 |a Pohyb pracovných síl pred a počas pandémie v obchode s potravinami. Duálne vzdelávanie ako jedno z riešení pri hľadaní kvalifikovaného personálu. 
610 2 0 |a sily pracovné 
610 2 0 |a pandémia 
610 2 0 |a potraviny 
610 2 0 |a obchodníci 
610 2 0 |a ponuka práce 
100 1 |a Kapitánová, Tatiana